[Event "Reykjavik op"]
[Site "Reykjavik"]
[Date "2024.03.20"]
[Round "8"]
[White "Potter, Alexander"]
[Black "MacArthur, John"]
[Result "0-1"]
[WhiteElo "1782"]
[BlackElo "1962"]
[PlyCount "60"]
[EventDate "2024.03.15"]
[EventType "swiss"]
[EventRounds "9"]
[EventCountry "ISL"]
[SourceTitle "CB13_2024"]
[SourceDate "2024.03.27"]
[SourceVersion "1"]
[SourceVersionDate "2024.03.27"]
[SourceQuality "1"]

1. d4 Nf6 2. c4 g6 3. f3 c5 4. dxc5 Qa5+ 5. Nc3 Qxc5 6. e4 Bg7 7. Qd3 0-0 8. Nge2 Nc6 9. Ng3 d6 10. Be3 Nb4 11. Bxc5 Nxd3+ 12. Bxd3 dxc5 13. e5 Nd7 14. f4 Rd8 15. 0-0-0 Bh6 16. Nd5 e6 17. Nc7 Bxf4+ 18. Kc2 Rb8 19. Nb5 a6 20. Nc3 Bxe5 21. Rhe1 Bc7 22. Nge4 b6 23. h4 Bb7 24. h5 Kg7 25. Rf1 Ne5 26. hxg6 hxg6 27. Rd2 Rd4 28. b3 Rbd8 29. Rfd1 Ng4 30. Re1 Bf4 0-1

[Event "Reykjavik op"]
[Site "Reykjavik"]
[Date "2024.03.19"]
[Round "7"]
[White "MacArthur, John"]
[Black "Hu, Zhening"]
[Result "1/2-1/2"]
[WhiteElo "1962"]
[BlackElo "1776"]
[PlyCount "41"]
[EventDate "2024.03.15"]
[EventType "swiss"]
[EventRounds "9"]
[EventCountry "ISL"]
[SourceTitle "CB13_2024"]
[SourceDate "2024.03.27"]
[SourceVersion "1"]
[SourceVersionDate "2024.03.27"]
[SourceQuality "1"]

1. c4 e6 2. Nc3 d5 3. d4 Nf6 4. cxd5 exd5 5. Bg5 Be7 6. e3 c6 7. Qc2 0-0 8. Bd3 Nbd7 9. Nge2 Re8 10. 0-0 Nf8 11. Rab1 a5 12. a3 g6 13. b4 Ne6 14. Bxf6 Bxf6 15. Na4 axb4 16. axb4 b5 17. Nc5 Nxc5 18. Qxc5 Bd7 19. Ra1 Be7 20. Qc3 Qb6 21. Rfb1 1/2-1/2

[Event "Oslo Sveins op 10th"]
[Site "Oslo"]
[Date "2017.06.27"]
[Round "8"]
[White "MacArthur, John"]
[Black "Tenold, Andreas"]
[Result "1-0"]
[WhiteElo "1964"]
[BlackElo "1705"]
[PlyCount "49"]
[EventDate "2017.06.23"]
[EventType "swiss"]
[EventRounds "9"]
[EventCountry "NOR"]
[SourceTitle "CBM 179 Extra"]
[Source "ChessBase"]
[SourceDate "2017.08.23"]
[SourceVersion "1"]
[SourceVersionDate "2017.08.23"]
[SourceQuality "1"]

1. d4 d5 2. Nc3 e6 3. e4 dxe4 4. Nxe4 Nf6 5. Bg5 Be7 6. Bxf6 Bxf6 7. Nf3 0-0 8. c3 b6 9. Bd3 Ba6 10. Bxa6 Nxa6 11. Qe2 Nb8 12. h4 Nd7 13. 0-0-0 Qe7 14. g4 g6 15. g5 Bh8 16. h5 f5 17. gxf6 Bxf6 18. hxg6 hxg6 19. Rdg1 Kg7 20. Rxg6+ Kxg6 21. Ne5+ Kg7 22. Qh5 Rh8 23. Qg6+ Kf8 24. Nxd7+ Qxd7 25. Qxf6+ 1-0

[Event "Oslo Sveins op 10th"]
[Site "Oslo"]
[Date "2017.06.23"]
[Round "1"]
[White "Hector, Jonny"]
[Black "MacArthur, John"]
[Result "1-0"]
[WhiteElo "2503"]
[BlackElo "1964"]
[PlyCount "45"]
[EventDate "2017.06.23"]
[EventType "swiss"]
[EventRounds "9"]
[EventCountry "NOR"]
[SourceTitle "CBM 179 Extra"]
[Source "ChessBase"]
[SourceDate "2017.08.23"]
[SourceVersion "1"]
[SourceVersionDate "2017.08.23"]
[SourceQuality "1"]

1. e4 c5 2. Nf3 Nc6 3. Nc3 g6 4. d4 cxd4 5. Nxd4 Bg7 6. Nb3 Bxc3+ 7. bxc3 d6 8. f3 Qc7 9. Be2 Ne5 10. f4 Nc6 11. 0-0 Nf6 12. Bf3 0-0 13. Qe2 Be6 14. Rd1 Na5 15. e5 dxe5 16. Qxe5 Qxe5 17. fxe5 Nxb3 18. axb3 Nd7 19. Bxb7 Rab8 20. Rxa7 Nxe5 21. Bf4 f6 22. Bd5 Bxd5 23. Rxd5 1-0

[Event "Oslo Sveins op 9th"]
[Site "Oslo"]
[Date "2016.06.24"]
[Round "8"]
[White "Greibrokk, Ingrid Andrea"]
[Black "MacArthur, John"]
[Result "1/2-1/2"]
[WhiteElo "1933"]
[BlackElo "1989"]
[PlyCount "78"]
[EventDate "2016.06.24"]
[EventType "swiss"]
[EventRounds "9"]
[EventCountry "NOR"]
[SourceTitle "CBM 173 Extra"]
[Source "ChessBase"]
[SourceDate "2016.08.29"]
[SourceVersion "1"]
[SourceVersionDate "2016.08.29"]
[SourceQuality "1"]

1. e4 e6 2. d4 d5 3. Nd2 Nf6 4. e5 Nfd7 5. Bd3 c5 6. c3 b6 7. Ne2 Ba6 8. Nf3 Be7 9. 0-0 Bxd3 10. Qxd3 Nc6 11. a3 a5 12. b3 Qc8 13. Re1 Qa6 14. Qxa6 Rxa6 15. Bg5 f6 16. exf6 gxf6 17. Bh6 Kf7 18. Nf4 Bf8 19. Bxf8 Nxf8 20. Re2 Nd8 21. Rae1 Ra7 22. g3 Rd7 23. Kg2 Rd6 24. Rb1 Nc6 25. b4 cxb4 26. cxb4 Ng6 27. Nxg6 hxg6 28. Rc2 axb4 29. axb4 Ke7 30. h4 Ra8 31. b5 Na5 32. Nd2 e5 33. Ra1 Rad8 34. Re1 Re6 35. dxe5 Rxe5 36. Rec1 Re2 37. Kf1 Re6 38. Nf3 Re4 39. Rd1 Rd7 1/2-1/2

[Event "Oslo Sveins op 7th"]
[Site "Oslo"]
[Date "2014.06.20"]
[Round "6"]
[White "Mellem, Nicolas Axel"]
[Black "MacArthur, John"]
[Result "1-0"]
[WhiteElo "2151"]
[BlackElo "2002"]
[PlyCount "77"]
[EventDate "2014.06.20"]
[EventType "swiss"]
[EventRounds "9"]
[EventCountry "NOR"]
[SourceTitle "EXT 2015"]
[Source "ChessBase"]
[SourceDate "2014.11.20"]
[SourceVersion "1"]
[SourceVersionDate "2014.11.20"]
[SourceQuality "1"]

1. d4 d5 2. c4 c6 3. Nf3 Nf6 4. e3 e6 5. Nc3 Nbd7 6. Qc2 Bd6 7. g4 Bb4 8. Bd2 b6 9. Rg1 Bb7 10. g5 Bxc3 11. Bxc3 Ne4 12. Nd2 Nxc3 13. Qxc3 Rc8 14. 0-0-0 0-0 15. Kb1 c5 16. Bg2 Re8 17. h4 cxd4 18. Qxd4 e5 19. Qg4 Nc5 20. h5 dxc4 21. Nxc4 Qc7 22. g6 Bxg2 23. gxh7+ Kh8 24. Qxg2 Ne6 25. Nd6 Qc2+ 26. Ka1 Re7 27. Nxc8 Qxc8 28. Rc1 Qe8 29. Qh2 Nc5 30. Qg3 f6 31. Qg6 Qa4 32. Rgd1 Re8 33. h6 gxh6 34. Qxf6+ Kxh7 35. Qf7+ Kh8 36. Rg1 Qd7 37. Qf6+ Kh7 38. Qg6+ Kh8 39. Qxh6+ 1-0

[Event "Oslo Sveins op 7th"]
[Site "Oslo"]
[Date "2014.06.20"]
[Round "5"]
[White "Salomon, Johan"]
[Black "MacArthur, John"]
[Result "1-0"]
[WhiteElo "2317"]
[BlackElo "2002"]
[PlyCount "61"]
[EventDate "2014.06.20"]
[EventType "swiss"]
[EventRounds "9"]
[EventCountry "NOR"]
[SourceTitle "EXT 2015"]
[Source "ChessBase"]
[SourceDate "2014.11.20"]
[SourceVersion "1"]
[SourceVersionDate "2014.11.20"]
[SourceQuality "1"]

1. e4 e5 2. Nf3 Nc6 3. Bb5 a6 4. Ba4 Nf6 5. 0-0 Be7 6. Re1 b5 7. Bb3 0-0 8. h3 d6 9. c3 Nd7 10. d4 Bf6 11. a4 Bb7 12. axb5 axb5 13. Rxa8 Qxa8 14. d5 Ne7 15. Na3 Ba6 16. Nc2 g6 17. Nb4 Bc8 18. Bc2 Bg7 19. Bd3 f5 20. exf5 gxf5 21. Bxb5 Nb6 22. c4 Ng6 23. Ng5 Rf6 24. Bd2 h6 25. Nf3 Bb7 26. Qa1 Rf8 27. Qc1 Kh7 28. Nc6 Nd7 29. b4 Nf6 30. Qc2 Nh5 31. g4 1-0

[Event "Oslo Sveins op 6th"]
[Site "Oslo"]
[Date "2013.06.23"]
[Round "5"]
[White "MacArthur, John"]
[Black "Kjolberg, Jens Hjorth"]
[Result "1-0"]
[WhiteElo "2013"]
[BlackElo "2011"]
[PlyCount "83"]
[EventDate "2013.06.21"]
[EventType "swiss"]
[EventRounds "9"]
[EventCountry "NOR"]
[SourceTitle "CBM 155 Extra"]
[Source "ChessBase"]
[SourceDate "2013.08.26"]
[SourceVersion "1"]
[SourceVersionDate "2013.08.26"]
[SourceQuality "1"]

1. d4 Nf6 2. Nc3 d5 3. Bg5 Nbd7 4. Nf3 c6 5. Qd3 Qa5 6. Bd2 Qb6 7. 0-0-0 e6 8. e4 Bb4 9. e5 Ng4 10. Be1 c5 11. h3 Nh6 12. dxc5 Nxc5 13. Qb5+ Kf8 14. Qxb6 axb6 15. Nxd5 exd5 16. Bxb4 Be6 17. a3 g6 18. Nd4 Kg7 19. Bd3 Nf5 20. Nxf5+ gxf5 21. Be2 Ne4 22. Be1 Rhc8 23. Rd4 Nc5 24. Rb4 Nd7 25. Bc3 Rc7 26. Rd1 Rac8 27. Bf3 Rc5 28. Rd2 Kg8 29. Be2 R5c7 30. Bd4 Nc5 31. f3 Rc6 32. a4 Rb8 33. b3 Kf8 34. Rxb6 Nd7 35. Rb4 Ke7 36. Ba7 Rg8 37. Rxb7 Rxg2 38. Bb5 Rxd2 39. Bxc6 Rh2 40. Bc5+ Kd8 41. Bd6 Rxh3 42. a5 1-0

[Event "Oslo Sveins op 5th"]
[Site "Oslo"]
[Date "2012.06.25"]
[Round "6"]
[White "Ellingsrud, Bjorn"]
[Black "MacArthur, John"]
[Result "0-1"]
[WhiteElo "1693"]
[BlackElo "2035"]
[PlyCount "42"]
[EventDate "2012.06.22"]
[EventType "swiss"]
[EventRounds "9"]
[EventCountry "NOR"]
[SourceTitle "CBM 149 Extra"]
[Source "ChessBase"]
[SourceDate "2012.08.24"]
[SourceVersion "1"]
[SourceVersionDate "2012.08.24"]
[SourceQuality "1"]

1. e4 c5 2. Nf3 Nc6 3. d4 cxd4 4. Nxd4 g6 5. Bc4 Bg7 6. c3 d6 7. Be3 Nf6 8. Nd2 Ng4 9. Nxc6 bxc6 10. Qe2 Nxe3 11. Qxe3 0-0 12. Nf3 Qb6 13. Qe2 Rb8 14. Bb3 Ba6 15. Qc2 c5 16. c4 Qb4+ 17. Nd2 Bb7 18. 0-0-0 Bc6 19. Rhe1 a5 20. a4 Bxa4 21. Bxa4 Bxb2+ 0-1

[Event "Oslo Sveins op 5th"]
[Site "Oslo"]
[Date "2012.06.22"]
[Round "9"]
[White "Eriksen, Dagfinn"]
[Black "MacArthur, John"]
[Result "0-1"]
[WhiteElo "1656"]
[BlackElo "2035"]
[PlyCount "90"]
[EventDate "2012.06.22"]
[EventType "swiss"]
[EventRounds "9"]
[EventCountry "NOR"]
[SourceTitle "CBM 149 Extra"]
[Source "ChessBase"]
[SourceDate "2012.08.24"]
[SourceVersion "1"]
[SourceVersionDate "2012.08.24"]
[SourceQuality "1"]

1. e4 c5 2. Nc3 Nc6 3. g3 g6 4. Bg2 Bg7 5. Nge2 d6 6. 0-0 e5 7. Nd5 Nge7 8. Ne3 0-0 9. d3 Be6 10. f4 Qd7 11. Nc3 Rad8 12. Ncd5 f5 13. c3 b6 14. exf5 Nxf5 15. Nxf5 Bxf5 16. Ne3 Bh3 17. Bd5+ Kh8 18. Ng2 Ne7 19. Bb3 b5 20. Bd2 c4 21. Bc2 Qc6 22. Qf3 Qxf3 23. Rxf3 d5 24. Rf2 d4 25. cxd4 exd4 26. Bb4 Rfe8 27. Ba5 Rc8 28. Re1 Nc6 29. Bd2 c3 30. bxc3 dxc3 31. Be3 Nd4 32. Kh1 Bf5 33. Bxd4 Bxd4 34. Rfe2 Bd7 35. Re7 Bc6 36. R1e6 Rxe7 37. Rxe7 Re8 38. Rxe8+ Bxe8 39. h3 Bc6 40. Kh2 Bd5 41. a3 a5 42. f5 b4 43. axb4 axb4 44. fxg6 b3 45. Bxb3 Bxb3 0-1